[Event "Capablanca mem open"]
[Site "La Habana CUB"]
[Date "2006.11.22"]
[Round "2.8"]
[White "Alvarez Pedraza, Aramis"]
[Black "Iturrizaga, Eduardo"]
[Result "0-1"]
[WhiteElo "2439"]
[BlackElo "2309"]
[PlyCount "142"]
[EventDate "2006.11.21"]
[EventType "swiss"]
[EventRounds "9"]
[EventCountry "CUB"]
[Source "lmi"]
[SourceDate "2006.11.21"]

1. e4 c5 2. Na3 g6 3. f4 d5 4. Bb5+ Nc6 5. Qe2 Bd7 6. Nf3 dxe4 7. Qxe4 Nf6 8.
Qe3 Bh6 9. d3 Nd5 10. Qxc5 Nxf4 11. Qc4 e5 12. g3 a6 13. gxf4 axb5 14. Qc5 Bf8
15. Qf2 Bg7 16. O-O O-O 17. Nxb5 Bh3 18. Re1 exf4 19. Bxf4 Ra4 20. Bg3 Rb4 21.
Nd6 Bxb2 22. Rad1 Nd4 23. Re4 Qf6 24. Nd2 Nxc2 25. Qxf6 Bxf6 26. Nb3 Ra8 27.
Rd2 Rxb3 28. axb3 Ra1+ 29. Kf2 Rf1+ 30. Ke2 Nd4+ 31. Rxd4 Bxd4 32. Ra2 Rb1 33.
Ra4 Bc3 34. Ne4 Bb2 35. Ra8+ Kg7 36. Rb8 Bd4 37. Rxb7 Bf1+ 38. Kd2 Rb2+ 39. Kc1
Bxd3 40. Rd7 Rb1+ 41. Kd2 Bxe4 42. Rxd4 Bf5 43. b4 g5 44. Rd6 Be6 45. Rb6 h5
46. Rb8 h4 47. Bd6 g4 48. Kc2 Bf5+ 49. Kc3 Rc1+ 50. Kb3 Rd1 51. Bf4 g3 52. hxg3
hxg3 53. Be5+ f6 54. Bxg3 Rd3+ 55. Kc4 Rxg3 56. b5 Rg1 57. b6 Rb1 58. Kd4 Bh3
59. Ke4 Bg2+ 60. Kf4 Bc6 61. Kf5 Kf7 62. Kg4 Rb4+ 63. Kg3 Ke6 64. Kf2 Rb3 65.
Ke2 Ke5 66. Kf2 f5 67. Ke2 Ke4 68. Kd2 f4 69. Kc2 Rb5 70. Kc3 f3 71. Kc4 f2 0-1

[Event "Capablanca mem open"]
[Site "La Habana CUB"]
[Date "2006.11.22"]
[Round "2.9"]
[White "Aponte, Ernesto"]
[Black "Borges Mateos, Juan"]
[Result "0-1"]
[WhiteElo "2115"]
[BlackElo "2431"]
[PlyCount "64"]
[EventDate "2006.11.21"]
[EventType "swiss"]
[EventRounds "9"]
[EventCountry "CUB"]
[Source "lmi"]
[SourceDate "2006.11.21"]

1. e4 c5 2. Nc3 e6 3. f4 Nc6 4. Nf3 a6 5. Be2 d5 6. d3 Nf6 7. O-O Be7 8. Qe1
O-O 9. Kh1 b5 10. Ne5 Nd4 11. Bd1 Bb7 12. exd5 exd5 13. Ne2 Nxe2 14. Bxe2 Re8
15. Bf3 Bd6 16. Qg3 Qc7 17. Ng4 Re6 18. Nh6+ Kh8 19. Qh4 Ng8 20. Ng4 f5 21. Nf2
d4 22. Bxb7 Qxb7 23. Bd2 Re2 24. Rad1 Nf6 25. Rfe1 Rae8 26. h3 h6 27. Kg1 Qd5
28. b3 c4 29. Kf1 Qe6 30. Nh1 c3 31. Bc1 Nd5 32. Qg3 Nxf4 0-1

[Event "Capablanca mem open"]
[Site "La Habana CUB"]
[Date "2006.11.22"]
[Round "2.11"]
[White "Perez, Rodney"]
[Black "Vera, Reynaldo"]
[Result "0-1"]
[WhiteElo "2385"]
[BlackElo "2510"]
[PlyCount "60"]
[EventDate "2006.11.21"]
[EventType "swiss"]
[EventRounds "9"]
[EventCountry "CUB"]
[Source "lmi"]
[SourceDate "2006.11.21"]

1. e4 c5 2. Nf3 d6 3. d4 Nf6 4. Nc3 cxd4 5. Nxd4 e6 6. Be2 Be7 7. f4 O-O 8. O-O
a6 9. Be3 Qc7 10. Qe1 b5 11. a3 Bb7 12. Bf3 Nbd7 13. Rd1 Rfe8 14. Qg3 Nc5 15.
e5 Nfe4 16. Nxe4 Nxe4 17. Bxe4 Bxe4 18. f5 exf5 19. Nxf5 Bxf5 20. Rxf5 dxe5 21.
Rxe5 Qxc2 22. Re1 Bf6 23. Rxe8+ Rxe8 24. Bc1 Rxe1+ 25. Qxe1 h5 26. h3 g6 27. b4
Bd4+ 28. Kh2 Qf2 29. Qe8+ Kg7 30. Qe4 h4 0-1

[Event "Capablanca mem open"]
[Site "La Habana CUB"]
[Date "2006.11.22"]
[Round "2.12"]
[White "Pedersen, Nicolai Vesterbaek"]
[Black "Braga, Cicero"]
[Result "1-0"]
[WhiteElo "2510"]
[BlackElo "2412"]
[PlyCount "66"]
[EventDate "2006.11.21"]
[EventType "swiss"]
[EventRounds "9"]
[EventCountry "CUB"]
[Source "lmi"]
[SourceDate "2006.11.21"]

1. d4 Nf6 2. c4 c5 3. d5 e6 4. Nc3 exd5 5. cxd5 d6 6. e4 g6 7. f4 Bg7 8. Bb5+
Nfd7 9. Bd3 Qh4+ 10. g3 Qd8 11. Nf3 O-O 12. O-O Nf6 13. f5 a6 14. a4 Ng4 15. h3
Ne5 16. Nxe5 Bxe5 17. Bh6 Re8 18. Qf3 Qe7 19. f6 Qd8 20. Kg2 Nd7 21. Bg7 Bd4
22. Qf4 Re5 23. Be2 Qe8 24. Bf3 g5 25. Qc1 c4 26. h4 Nc5 27. hxg5 Bxc3 28. Rh1
Rxe4 29. Qxc3 Re2+ 30. Bxe2 Qxe2+ 31. Kg1 Nd3 32. Qd4 Qf3 33. Rh2 Ne5 1-0

[Event "Capablanca mem open"]
[Site "La Habana CUB"]
[Date "2006.11.22"]
[Round "2.13"]
[White "Soto Paez, Oliver"]
[Black "Corrales, Fidel"]
[Result "1/2-1/2"]
[WhiteElo "2315"]
[BlackElo "2496"]
[PlyCount "116"]
[EventDate "2006.11.21"]
[EventType "swiss"]
[EventRounds "9"]
[EventCountry "CUB"]
[Source "lmi"]
[SourceDate "2006.11.21"]

1. e4 c5 2. Nf3 e6 3. d4 cxd4 4. Nxd4 a6 5. Bd3 Bc5 6. Nb3 Ba7 7. Nc3 Ne7 8.
Qe2 Nbc6 9. Be3 b5 10. Bxa7 Rxa7 11. f4 d6 12. a3 O-O 13. O-O Ng6 14. Qf2 Rd7
15. Qg3 Kh8 16. Rf2 b4 17. Ne2 bxa3 18. bxa3 Rc7 19. Raf1 a5 20. Nd2 Rg8 21.
Nf3 Rf8 22. Ng5 f6 23. Nf3 e5 24. h4 exf4 25. Nxf4 Nxf4 26. Qxf4 Be6 27. h5
Rcf7 28. e5 d5 29. exf6 Rxf6 30. Qe3 Bg8 31. Nd4 Nxd4 32. Qxd4 Rxf2 33. Rxf2
Rxf2 34. Qxf2 Qd6 35. a4 Qe5 36. h6 gxh6 37. Qb6 Qe1+ 38. Kh2 Qh4+ 39. Kg1 Qe1+
40. Kh2 Be6 41. Qd8+ Kg7 42. Qe7+ Kg8 43. Qxh7+ Kf8 44. Qxh6+ Ke7 45. Qg5+ Kd6
46. Qd8+ Bd7 47. Bb5 Qe5+ 48. g3 Qh5+ 49. Kg2 Qh3+ 50. Kf2 Qh2+ 51. Kf1 Qh1+
52. Ke2 Qe4+ 53. Kd2 Qd4+ 54. Kc1 Qa1+ 55. Kd2 Qd4+ 56. Ke1 Qe3+ 57. Kd1 Qd4+
58. Kc1 Qa1+ 1/2-1/2

[Event "Capablanca mem open"]
[Site "La Habana CUB"]
[Date "2006.11.22"]
[Round "2.18"]
[White "Marrero, Yaniet"]
[Black "Hernandez, Holden"]
[Result "1/2-1/2"]
[WhiteElo "2252"]
[BlackElo "2524"]
[PlyCount "109"]
[EventDate "2006.11.21"]
[EventType "swiss"]
[EventRounds "9"]
[EventCountry "CUB"]
[Source "lmi"]
[SourceDate "2006.11.21"]

1. e4 c5 2. Nf3 d6 3. Bc4 Nf6 4. d3 e6 5. c3 Be7 6. O-O O-O 7. Nbd2 Nc6 8. Bb3
b5 9. a3 e5 10. Re1 Rb8 11. Nf1 Be6 12. Ne3 Qd7 13. Bd5 Bd8 14. d4 exd4 15.
cxd4 Bxd5 16. exd5 Ne7 17. dxc5 dxc5 18. d6 Nc8 19. Ne5 Qxd6 20. Nf5 Qxd1 21.
Rxd1 Ne7 22. Nxe7+ Bxe7 23. Nc6 Rb7 24. Be3 Rc8 25. Nxe7+ Rxe7 26. Rac1 c4 27.
Bg5 Rd7 28. Bxf6 Rxd1+ 29. Rxd1 gxf6 30. Kf1 Rc6 31. Rd7 a6 32. Ke2 c3 33. bxc3
Rxc3 34. a4 bxa4 35. Rd6 Kg7 36. Rxa6 a3 37. h4 Rb3 38. g4 Rb2+ 39. Ke3 a2 40.
f3 f5 41. g5 Rh2 42. f4 Rh3+ 43. Kd4 Rxh4 44. Ke5 Rh2 45. Kxf5 Rb2 46. Kg4 Kf8
47. Ra7 Ke8 48. Kf5 Rf2 49. Ke5 Kd8 50. f5 Kc8 51. Kf6 Kb8 52. Ra3 Kc7 53. Kg7
Rxf5 54. Rxa2 Rxg5+ 55. Kxf7 1/2-1/2

[Event "Capablanca mem open"]
[Site "La Habana CUB"]
[Date "2006.11.22"]
[Round "2.19"]
[White "Almeida, Omar"]
[Black "Elliott, Warren"]
[Result "1-0"]
[WhiteElo "2500"]
[BlackElo "2286"]
[PlyCount "43"]
[EventDate "2006.11.21"]
[EventType "swiss"]
[EventRounds "9"]
[EventCountry "CUB"]
[Source "lmi"]
[SourceDate "2006.11.21"]

1. d4 d5 2. Nf3 c6 3. c4 e6 4. Nc3 dxc4 5. a4 Bb4 6. g3 Nf6 7. Bg2 b5 8. O-O
Nd5 9. Qc2 O-O 10. axb5 Bxc3 11. bxc3 cxb5 12. Ng5 g6 13. e4 Nb6 14. e5 Nd5 15.
Ne4 Bb7 16. Nf6+ Kh8 17. Bg5 Qb6 18. Qe4 h5 19. g4 Kg7 20. gxh5 Rh8 21. h6+ Kf8
22. h7 1-0

[Event "Capablanca mem open"]
[Site "La Habana CUB"]
[Date "2006.11.22"]
[Round "2.21"]
[White "Otero, Diasmany"]
[Black "Ramon, Vivian"]
[Result "1-0"]
[WhiteElo "2423"]
[BlackElo "2223"]
[PlyCount "77"]
[EventDate "2006.11.21"]
[EventType "swiss"]
[EventRounds "9"]
[EventCountry "CUB"]
[Source "lmi"]
[SourceDate "2006.11.21"]

1. d4 c5 2. d5 e5 3. Nc3 d6 4. e4 a6 5. a4 Be7 6. Nf3 Bg4 7. b3 Nd7 8. Be2 Bxf3
9. Bxf3 Bg5 10. Bb2 b6 11. g3 g6 12. O-O h5 13. Bg2 h4 14. f4 Bf6 15. f5 hxg3
16. fxg6 gxh2+ 17. Kh1 fxg6 18. Qg4 Nf8 19. Bc1 Qd7 20. Qe2 Qe7 21. Rf3 Rh4 22.
Bd2 g5 23. Raf1 Nh7 24. Rh3 Rxh3 25. Bxh3 Qg7 26. Be6 Nh6 27. Nd1 Kd8 28. Ne3
Kc7 29. b4 Ra7 30. bxc5 dxc5 31. Nc4 Nf8 32. d6+ Kb8 33. Bd5 Nd7 34. Rb1 Bd8
35. Nxb6 Nxb6 36. a5 Qf6 37. axb6 Rh7 38. Bxg5 Qxd6 39. Qxa6 1-0

[Event "Capablanca mem open"]
[Site "La Habana CUB"]
[Date "2006.11.22"]
[Round "2.22"]
[White "Macias Murillo, Bryan"]
[Black "Hoi, Carsten"]
[Result "1/2-1/2"]
[WhiteElo "2216"]
[BlackElo "2413"]
[PlyCount "61"]
[EventDate "2006.11.21"]
[EventType "swiss"]
[EventRounds "9"]
[EventCountry "CUB"]
[Source "lmi"]
[SourceDate "2006.11.21"]

1. e4 g6 2. d4 Bg7 3. Nf3 d6 4. Bd3 Nc6 5. c3 Nf6 6. Nbd2 O-O 7. O-O e5 8. dxe5
Nxe5 9. Nxe5 dxe5 10. Nc4 Qe7 11. a4 Rd8 12. Qe2 a5 13. b3 b6 14. Ba3 Qe8 15.
Ne3 Be6 16. c4 Bf8 17. Nd5 Bxd5 18. cxd5 Bxa3 19. Rxa3 Qe7 20. Ra2 Nd7 21. Bc4
Qd6 22. Rd2 Kg7 23. Qe3 f6 24. Re2 Rf8 25. Qc3 Rf7 26. g3 Re7 27. Rfe1 Rf8 28.
Bb5 Nc5 29. Bc4 Nd7 30. Bb5 Nc5 31. Bc4 1/2-1/2

[Event "Capablanca mem open"]
[Site "La Habana CUB"]
[Date "2006.11.22"]
[Round "2.24"]
[White "Linares Napoles, Oleiny"]
[Black "Puntier, William"]
[Result "1-0"]
[WhiteElo "2199"]
[BlackElo "2337"]
[PlyCount "51"]
[EventDate "2006.11.21"]
[EventType "swiss"]
[EventRounds "9"]
[EventCountry "CUB"]
[Source "lmi"]
[SourceDate "2006.11.21"]

1. e4 e5 2. Nf3 d6 3. d4 exd4 4. Nxd4 Nf6 5. Nc3 Be7 6. Bf4 O-O 7. Qd2 d5 8.
O-O-O Nxe4 9. Nxe4 dxe4 10. Qe1 Qd5 11. c4 Qc5 12. Qxe4 Bf6 13. Be3 Qa5 14. Bd3
g6 15. Bb1 Qa4 16. Qc2 Qa5 17. h4 Na6 18. h5 Nb4 19. Qb3 c5 20. Nb5 Be6 21. Rd6
Rfe8 22. a3 Nc6 23. Bd2 Qb6 24. hxg6 fxg6 25. Re1 Kf7 26. Qf3 1-0

[Event "Capablanca mem open"]
[Site "La Habana CUB"]
[Date "2006.11.23"]
[Round "3.1"]
[White "Gonzalez, Yuri"]
[Black "Perez, Orelvis"]
[Result "0-1"]
[WhiteElo "2502"]
[BlackElo "2415"]
[PlyCount "70"]
[EventDate "2006.11.21"]
[EventType "swiss"]
[EventRounds "9"]
[EventCountry "CUB"]
[Source "lmi"]
[SourceDate "2006.11.21"]

1. d4 Nf6 2. c4 c5 3. d5 b5 4. cxb5 a6 5. bxa6 Bxa6 6. Nc3 d6 7. Nf3 g6 8. g3
Bg7 9. Bg2 O-O 10. O-O Nbd7 11. Rb1 Qa5 12. Bd2 Rfb8 13. Qc2 Qc7 14. b3 Nb6 15.
Nh4 Qb7 16. Rfd1 Nfxd5 17. Nxd5 Nxd5 18. Bh6 Bxh6 19. Bxd5 Qc8 20. Nxg6 Ra7 21.
Nh4 e6 22. Bg2 d5 23. e4 d4 24. e5 d3 25. Qc3 c4 26. bxc4 Rxb1 27. Rxb1 Qxc4
28. Qxc4 Bxc4 29. Bf1 Rxa2 30. Ng2 Rc2 31. f4 Bf8 32. Rd1 Bc5+ 33. Kh1 Bd5 34.
h4 Rf2 35. Kh2 d2 0-1

[Event "Capablanca mem open"]
[Site "La Habana CUB"]
[Date "2006.11.23"]
[Round "3.4"]
[White "Mosquera, Miguel"]
[Black "Iturrizaga, Eduardo"]
[Result "0-1"]
[WhiteElo "2425"]
[BlackElo "2309"]
[PlyCount "116"]
[EventDate "2006.11.21"]
[EventType "swiss"]
[EventRounds "9"]
[EventCountry "CUB"]
[Source "lmi"]
[SourceDate "2006.11.21"]

1. e4 c5 2. Nf3 g6 3. d4 cxd4 4. Nxd4 Nc6 5. c4 Bg7 6. Be3 Nf6 7. Nc3 Ng4 8.
Qxg4 Nxd4 9. Qd1 Ne6 10. Rc1 Qa5 11. Qd2 b6 12. b3 Bb7 13. Nd5 Qxd2+ 14. Kxd2
Rc8 15. f3 f5 16. exf5 gxf5 17. Bd3 Nc5 18. Bb1 e6 19. Nc3 Be5 20. f4 Bxc3+ 21.
Kxc3 Rg8 22. Rhg1 Ke7 23. g3 Be4 24. b4 Bxb1 25. Bxc5+ bxc5 26. Rxb1 cxb4+ 27.
Rxb4 Rc6 28. Ra4 a6 29. Rb1 h5 30. Kd4 h4 31. Rg1 Rd6+ 32. Kc3 Kf6 33. c5 Rc6
34. Rc4 hxg3 35. hxg3 Rgc8 36. Kd4 Rb8 37. Rgc1 Kg6 38. Ke5 Rbc8 39. Rd1 Rxc5+
40. Rxc5 Rxc5+ 41. Kd6 Rd5+ 42. Rxd5 exd5 43. Kxd5 Kh5 44. Ke5 Kg4 45. a3 d6+
46. Ke6 d5 47. Ke5 d4 48. Kxd4 Kxg3 49. Ke3 a5 50. a4 Kg4 51. Ke2 Kxf4 52. Kf2
Ke4 53. Ke2 Kd4 54. Kf3 Kc4 55. Kf4 Kb4 56. Kxf5 Kxa4 57. Ke4 Kb3 58. Kd3 a4
0-1

[Event "Capablanca mem open"]
[Site "La Habana CUB"]
[Date "2006.11.23"]
[Round "3.6"]
[White "Vera, Reynaldo"]
[Black "Landenbergue, Claude"]
[Result "1/2-1/2"]
[WhiteElo "2510"]
[BlackElo "2446"]
[PlyCount "112"]
[EventDate "2006.11.21"]
[EventType "swiss"]
[EventRounds "9"]
[EventCountry "CUB"]
[Source "lmi"]
[SourceDate "2006.11.21"]

1. d4 Nf6 2. c4 e6 3. Nc3 Bb4 4. Qc2 d5 5. a3 Bxc3+ 6. Qxc3 Ne4 7. Qc2 c5 8.
dxc5 a5 9. e3 Na6 10. cxd5 exd5 11. Bb5+ Bd7 12. Bxd7+ Qxd7 13. Ne2 Rc8 14. O-O
Naxc5 15. f3 Nf6 16. Bd2 Nce4 17. Qd1 Nxd2 18. Qxd2 b6 19. Rac1 O-O 20. Rxc8
Rxc8 21. Rc1 h6 22. Kf2 Qf5 23. Rxc8+ Qxc8 24. Qd4 Qc7 25. h4 h5 26. Qc3 Ne8
27. Qxc7 Nxc7 28. Nf4 g6 29. Ke2 Kf8 30. Kd3 Ke7 31. g4 hxg4 32. fxg4 g5 33.
hxg5 Kd6 34. g6 fxg6 35. Nxg6 Ne6 36. Nf4 Ng5 37. Ke2 Ke5 38. Nd3+ Ke4 39. Nf2+
Ke5 40. Kd3 Ne6 41. b4 axb4 42. axb4 Ng5 43. Kc3 Kd6 44. Nd3 Ne4+ 45. Kd4 Ng5
46. Nf4 Nf3+ 47. Kc3 Ke5 48. Kd3 Ng5 49. Ne2 Ne4 50. Nc3 Nf2+ 51. Kd2 Nxg4 52.
Na4 b5 53. Nc3 Nxe3 54. Nxb5 d4 55. Kd3 Nd5 56. Nxd4 Nxb4+ 1/2-1/2

[Event "Capablanca mem open"]
[Site "La Habana CUB"]
[Date "2006.11.23"]
[Round "3.9"]
[White "Alvarez Pedraza, Aramis"]
[Black "Arencibia, Walter"]
[Result "1-0"]
[WhiteElo "2439"]
[BlackElo "2530"]
[PlyCount "67"]
[EventDate "2006.11.21"]
[EventType "swiss"]
[EventRounds "9"]
[EventCountry "CUB"]
[Source "lmi"]
[SourceDate "2006.11.21"]

1. e4 c5 2. Nf3 e6 3. d4 cxd4 4. Nxd4 a6 5. c4 Nf6 6. Nc3 Qc7 7. a3 Nc6 8. Be2
b6 9. Be3 Bb7 10. Rc1 Nxd4 11. Qxd4 Bc5 12. Qd3 Bxe3 13. Qxe3 Qc5 14. Qxc5 bxc5
15. f3 d6 16. Kf2 Ke7 17. b4 Rhc8 18. Rb1 Nd7 19. Nd1 Rc7 20. Ne3 cxb4 21. axb4
a5 22. Rhc1 axb4 23. Rxb4 Ra2 24. Rc2 Ra3 25. Rcb2 Ba6 26. R2b3 Ra5 27. Nc2 Ne5
28. Ra3 Rcc5 29. f4 Nc6 30. Rb6 Bxc4 31. Rxc6 Bxe2 32. Rxa5 Rxc6 33. Nd4 Ra6
34. Kxe2 1-0

[Event "Capablanca mem open"]
[Site "La Habana CUB"]
[Date "2006.11.23"]
[Round "3.10"]
[White "Blanco, Humberto"]
[Black "Almeida, Omar"]
[Result "0-1"]
[WhiteElo "2426"]
[BlackElo "2500"]
[PlyCount "44"]
[EventDate "2006.11.21"]
[EventType "swiss"]
[EventRounds "9"]
[EventCountry "CUB"]
[Source "lmi"]
[SourceDate "2006.11.21"]

1. e4 c5 2. Nf3 d6 3. d4 cxd4 4. Nxd4 Nf6 5. Nc3 Nc6 6. f3 e5 7. Nb3 Be6 8. Be3
Be7 9. Qd2 O-O 10. O-O-O a5 11. Bb5 Nb4 12. a3 d5 13. axb4 d4 14. Nxd4 exd4 15.
Qxd4 Qc8 16. Nd5 Bxd5 17. exd5 axb4 18. Bd3 Rd8 19. Bc4 Ra5 20. Rhe1 Nxd5 21.
Bxd5 Bf6 22. Qd3 Rdxd5 0-1

[Event "Capablanca mem open"]
[Site "La Habana CUB"]
[Date "2006.11.23"]
[Round "3.11"]
[White "Corrales, Fidel"]
[Black "Otero, Diasmany"]
[Result "1-0"]
[WhiteElo "2496"]
[BlackElo "2423"]
[PlyCount "69"]
[EventDate "2006.11.21"]
[EventType "swiss"]
[EventRounds "9"]
[EventCountry "CUB"]
[Source "lmi"]
[SourceDate "2006.11.21"]

1. e4 c5 2. Nf3 e6 3. d4 cxd4 4. Nxd4 Nf6 5. Nc3 Nc6 6. Ndb5 d6 7. Bf4 e5 8.
Bg5 a6 9. Na3 b5 10. Bxf6 gxf6 11. Nd5 f5 12. Bd3 Be6 13. O-O f4 14. c4 b4 15.
Qa4 Rc8 16. Nxb4 Bd7 17. Nxc6 Rxc6 18. Qd1 Qh4 19. Be2 Rg8 20. Bf3 Rg6 21. Re1
Rh6 22. Kf1 Qxh2 23. Ke2 Rb6 24. Nc2 Rxb2 25. Rb1 Rxb1 26. Qxb1 Be6 27. Qb8+
Ke7 28. Nb4 Bg7 29. Nd5+ Bxd5 30. cxd5 Kf6 31. Qxd6+ Kg5 32. Qe7+ Bf6 33. Qxf7
Rg6 34. d6 Qh6 35. Qe6 1-0

[Event "Capablanca mem open"]
[Site "La Habana CUB"]
[Date "2006.11.23"]
[Round "3.12"]
[White "Resende, Antonio Carlos"]
[Black "Gongora, Maikel"]
[Result "1-0"]
[WhiteElo "2402"]
[BlackElo "2467"]
[PlyCount "111"]
[EventDate "2006.11.21"]
[EventType "swiss"]
[EventRounds "9"]
[EventCountry "CUB"]
[Source "lmi"]
[SourceDate "2006.11.21"]

1. Nf3 g6 2. e4 Bg7 3. d4 c6 4. c3 d5 5. Nbd2 Nf6 6. e5 Nfd7 7. Bd3 f6 8. exf6
exf6 9. O-O O-O 10. Re1 Re8 11. Rxe8+ Qxe8 12. Nf1 Nb6 13. h3 Be6 14. Bf4 N8d7
15. a4 Nf8 16. Qb3 Qd7 17. a5 Nc8 18. N1d2 Bf7 19. Qa4 Ne6 20. Bg3 a6 21. b4
Nd6 22. Qc2 Nb5 23. Nb3 Re8 24. Re1 Bf8 25. Qc1 Kg7 26. Kf1 Bd6 27. Bxd6 Qxd6
28. Bxb5 cxb5 29. Nc5 Nd8 30. Rxe8 Bxe8 31. Qe3 Bd7 32. Kg1 h6 33. Nd2 g5 34.
Nf1 Bf5 35. Qe8 Qf8 36. Qxf8+ Kxf8 37. Ne3 Be6 38. Nxe6+ Nxe6 39. Nxd5 Kf7 40.
Kf1 Ng7 41. Ke2 Nf5 42. Ne3 Nd6 43. Kd3 f5 44. g4 fxg4 45. hxg4 Ke6 46. c4
bxc4+ 47. Nxc4 Ne8 48. Ne5 Nd6 49. f3 Kd5 50. Nd7 Ke6 51. Nc5+ Kd5 52. Ne4 Ne8
53. Nc3+ Ke6 54. Kc4 Ng7 55. Ne4 Kd7 56. Kd5 1-0

[Event "Capablanca mem open"]
[Site "La Habana CUB"]
[Date "2006.11.23"]
[Round "3.13"]
[White "Abreu, Aryam"]
[Black "Muñoz, Lisandro"]
[Result "1-0"]
[WhiteElo "2465"]
[BlackElo "2396"]
[PlyCount "95"]
[EventDate "2006.11.21"]
[EventType "swiss"]
[EventRounds "9"]
[EventCountry "CUB"]
[Source "lmi"]
[SourceDate "2006.11.21"]

1. e4 e6 2. d4 d5 3. Nc3 Nf6 4. e5 Nfd7 5. f4 c5 6. Nf3 Nc6 7. Be3 cxd4 8. Nxd4
Bc5 9. Qd2 O-O 10. g3 a6 11. Bg2 Na5 12. b3 b5 13. a3 Bb7 14. O-O Nc6 15. Nce2
Rc8 16. b4 Be7 17. Nb3 Nb6 18. Bc5 Na4 19. Bxe7 Nxe7 20. Ned4 Qb6 21. Kh1 Rc4
22. Qf2 Rfc8 23. f5 Nxf5 24. Nxf5 Qxf2 25. Rxf2 exf5 26. Na5 R4c7 27. Nxb7 Rxb7
28. Bxd5 Rd7 29. Bb3 Re8 30. Rxf5 Nb6 31. Raf1 Nc4 32. Bxc4 bxc4 33. R5f4 Rxe5
34. Rxc4 h6 35. Rf2 a5 36. Kg2 f6 37. c3 Rd1 38. a4 Rc1 39. b5 Re3 40. Rc8+ Kf7
41. c4 Rec3 42. Rc7+ Ke6 43. b6 Rb3 44. c5 Rb4 45. b7 Rcb1 46. c6 Rxa4 47. Rxg7
Rc4 48. c7 1-0

[Event "Capablanca mem open"]
[Site "La Habana CUB"]
[Date "2006.11.23"]
[Round "3.15"]
[White "Prasca, Raphael"]
[Black "Larduet, Carlos"]
[Result "1-0"]
[WhiteElo "2448"]
[BlackElo "2308"]
[PlyCount "76"]
[EventDate "2006.11.21"]
[EventType "swiss"]
[EventRounds "9"]
[EventCountry "CUB"]
[Source "lmi"]
[SourceDate "2006.11.21"]

1. e4 e5 2. Nf3 Nc6 3. d4 exd4 4. Nxd4 Nf6 5. Nxc6 bxc6 6. e5 Qe7 7. Qe2 Nd5 8.
c4 Nb6 9. Nd2 Qe6 10. b3 Bb4 11. Bb2 a5 12. a3 Bxd2+ 13. Qxd2 a4 14. c5 Nd5 15.
b4 Ba6 16. Bxa6 Rxa6 17. O-O Ra8 18. f4 Qf5 19. Qe2 h5 20. Qf3 Rh6 21. Rae1 Ke7
22. g3 Rg6 23. Kg2 h4 24. Qe4 Qxe4+ 25. Rxe4 hxg3 26. f5 Rh6 27. h4 Rg8 28. Bc1
Rh7 29. Kxg3 Kd8 30. e6 f6 31. exd7 Kxd7 32. Rd1 Rb8 33. Kh3 Rh5 34. Rf1 Rf8
35. Kg4 Rfh8 36. Kg3 Rf8 37. Bd2 Rh7 38. Rd4 Rb8 1-0

[Event "Capablanca mem open"]
[Site "La Habana CUB"]
[Date "2006.11.23"]
[Round "3.18"]
[White "Arias, Lemmys A"]
[Black "Pozo Vera, Sandro"]
[Result "1/2-1/2"]
[WhiteElo "2253"]
[BlackElo "2462"]
[PlyCount "112"]
[EventDate "2006.11.21"]
[EventType "swiss"]
[EventRounds "9"]
[EventCountry "CUB"]
[Source "lmi"]
[SourceDate "2006.11.21"]

1. d4 d5 2. c4 e6 3. Nf3 c5 4. cxd5 exd5 5. g3 Nc6 6. Nc3 Nf6 7. Bg2 Be7 8. O-O
O-O 9. dxc5 Bxc5 10. Bg5 Be6 11. Rc1 Be7 12. Nd4 h6 13. Bf4 Qd7 14. Nxe6 fxe6
15. e4 Rad8 16. exd5 exd5 17. Qa4 d4 18. Rcd1 Kh8 19. Ne2 Bc5 20. Nc1 Nd5 21.
Bd2 Bb6 22. Nd3 Qf5 23. Qb3 Rfe8 24. Rfe1 Ne3 25. Rc1 Rf8 26. Nf4 Nxg2 27. Kxg2
d3 28. Qe6 Qxe6 29. Rxe6 Kh7 30. Be3 g5 31. Nh5 Bxe3 32. Rxe3 Rd6 33. Rd1 Rfd8
34. g4 Rd4 35. h3 d2 36. Ng3 Rd3 37. Nf1 Rxe3 38. fxe3 Nb4 39. a3 Nd5 40. Kf2
Nf6 41. Ke2 Ne4 42. Nxd2 Ng3+ 43. Ke1 Rf8 44. Rc1 Rf7 45. Rc5 Kg6 46. Rc8 h5
47. Rg8+ Kh6 48. Re8 h4 49. e4 Rc7 50. e5 Rc1+ 51. Kf2 Rc2 52. Ke3 Rxb2 53. Rg8
Rb5 54. Kd4 Ne2+ 55. Ke3 Ng3 56. Kd4 Ne2+ 1/2-1/2

[Event "Capablanca mem open"]
[Site "La Habana CUB"]
[Date "2006.11.23"]
[Round "3.20"]
[White "Braga, Cicero"]
[Black "Farley, Terry"]
[Result "0-1"]
[WhiteElo "2412"]
[BlackElo "2246"]
[PlyCount "62"]
[EventDate "2006.11.21"]
[EventType "swiss"]
[EventRounds "9"]
[EventCountry "CUB"]
[Source "lmi"]
[SourceDate "2006.11.21"]

1. e4 c5 2. d3 Nc6 3. g3 g6 4. Bg2 Bg7 5. f4 d6 6. Nf3 e6 7. O-O Nge7 8. c3 O-O
9. Be3 b6 10. d4 Ba6 11. Re1 Rc8 12. Qa4 Bd3 13. Nbd2 b5 14. Qb3 d5 15. dxc5
dxe4 16. Ng5 b4 17. Ngxe4 bxc3 18. bxc3 Nd5 19. Bf2 Qa5 20. Nc4 Qa6 21. Ne5 Rb8
22. Qd1 Nxe5 23. fxe5 Bxe4 24. Bxe4 Nxc3 25. Qd6 Qxd6 26. exd6 Nxe4 27. Rxe4
Bxa1 28. c6 Rb1+ 29. Kg2 Rc1 30. c7 Rc6 31. Rb4 Be5 0-1

[Event "Capablanca mem open"]
[Site "La Habana CUB"]
[Date "2006.11.23"]
[Round "3.21"]
[White "Garcia, Osmel"]
[Black "Macias Murillo, Bryan"]
[Result "1-0"]
[WhiteElo "2400"]
[BlackElo "2216"]
[PlyCount "141"]
[EventDate "2006.11.21"]
[EventType "swiss"]
[EventRounds "9"]
[EventCountry "CUB"]
[Source "lmi"]
[SourceDate "2006.11.21"]

1. e4 c5 2. Nf3 d6 3. Bc4 Nf6 4. d3 e6 5. Bb3 Be7 6. O-O Nc6 7. c3 O-O 8. Re1
e5 9. Nbd2 h6 10. Nf1 Re8 11. Ng3 a6 12. h3 Na5 13. Bc2 b5 14. d4 Qc7 15. d5
Bf8 16. Nh2 g6 17. Ng4 Nxg4 18. hxg4 Bg7 19. f3 Rb8 20. b3 f6 21. Be3 Nb7 22.
Qd2 Kh7 23. Kf2 Nd8 24. b4 c4 25. a4 Bd7 26. axb5 axb5 27. Ra7 Rb7 28. Ra6 Nf7
29. Rea1 Reb8 30. Kg1 Be8 31. Nh1 Bd7 32. Nf2 Qc8 33. Qe2 Qc7 34. g3 Kg8 35.
Kg2 g5 36. Nd1 Be8 37. Bf2 Nd8 38. Ne3 Bg6 39. Nf5 Nf7 40. Qf1 Bf8 41. R1a3 Be7
42. Be3 Bd8 43. f4 Qd7 44. fxg5 fxg5 45. Qh1 Bxf5 46. gxf5 Bb6 47. Bxb6 Rxb6
48. R6a5 Qe7 49. Bd1 Kg7 50. Bh5 Nd8 51. Ra1 R6b7 52. Ra6 Rb6 53. R6a2 Kf6 54.
Bg6 Qg7 55. Qh5 Nb7 56. Ra7 Rh8 57. Be8 Rf8 58. Bc6 Rb8 59. Rh1 Qh7 60. Qxh6+
Qxh6 61. Rxh6+ Kg7 62. Rxd6 Kf8 63. Rh6 Kg8 64. Rg6+ Kh8 65. Kf3 Nd8 66. Kg4
Rc8 67. Kxg5 Nxc6 68. dxc6 Rbxc6 69. Rxc6 Rxc6 70. f6 Rc8 71. g4 1-0

[Event "Capablanca mem open"]
[Site "La Habana CUB"]
[Date "2006.11.23"]
[Round "3.22"]
[White "Ordaz Valdes, Lisandra"]
[Black "Perez, Rodney"]
[Result "0-1"]
[WhiteElo "2216"]
[BlackElo "2385"]
[PlyCount "86"]
[EventDate "2006.11.21"]
[EventType "swiss"]
[EventRounds "9"]
[EventCountry "CUB"]
[Source "lmi"]
[SourceDate "2006.11.21"]

1. d4 d6 2. c4 e5 3. Nc3 exd4 4. Qxd4 Nc6 5. Qd2 Nf6 6. b3 Be6 7. e4 a5 8. f3
a4 9. Rb1 axb3 10. axb3 Be7 11. Nge2 Nh5 12. g3 O-O 13. Bg2 f5 14. Bh3 Qd7 15.
O-O fxe4 16. Bxe6+ Qxe6 17. Nxe4 Ne5 18. Qe3 d5 19. N4c3 Rae8 20. f4 Qh3 21.
Qf2 Ng4 22. Qg2 Bc5+ 23. Kh1 Qxg2+ 24. Kxg2 d4 25. Na4 Rxe2+ 26. Kf3 Nxh2+ 27.
Kxe2 Nxf1 28. Kxf1 Bb4 29. Ke2 Nxg3+ 30. Kd3 Nf5 31. Bb2 b6 32. Rd1 Ne3 33. Rg1
Nf5 34. Rd1 g6 35. Ra1 Re8 36. Bc1 h5 37. Nb2 h4 38. Bd2 Bxd2 39. Kxd2 Re3 40.
Nd3 Ng3 41. Re1 Ne4+ 42. Kc2 h3 43. Rh1 Rxd3 0-1